000
00331nam a2200145Ia 4500
008
230711s9999||||xx |||||||||||||| ||und||
041
_a
ENG
082
_a
621
_b
ZH-C
100
_a
Zhilun,XU
245
0
_a
Applied elasticity
250
_a
1st
260
_c
1991
_a
New Delhi
_b
Wiley Eastern Limited
650
_a
Physics
942
_c
BK
999
_c
2717
_d
2717